| 000 | 00428cam a2200181ua 4500 | ||
|---|---|---|---|
| 020 | _c30.00 | ||
| 041 |
_aeng _h |
||
| 082 |
_a519.72 _bGUP/LI |
||
| 100 | _aGupta, R.K . | ||
| 245 |
_aLinear programming / _cR.K.Gupta. _hTextual Documents |
||
| 250 |
_a5 / _b. |
||
| 260 |
_aMeerut : _bKrishna Prakashan Mandir , _c1989. |
||
| 300 | _a432 ; . | ||
| 365 | _a30.00 | ||
| 504 | _a | ||
| 942 | _cBK | ||
| 999 |
_c9881 _d9881 |
||